000 00894nam a2200253Ia 4500
003 OSt
005 20220923230623.0
006 a|||||r|||| 00| 0
007 ta
008 Pun
020 _c300
024 _a284,609
037 _b936, 23/03/2015, H.K. Prakashan
_cTextual
040 _aARTS
_cARTS
_bPun
041 _2Pun
_aPun
082 _aO153,3NAL,IH, Q0
100 _aਆਲਮਗੀਰ, ਅFੋਕ ਚਰਨ
_9169077
245 0 _aਚੀਨ ਜਾਪਾਨ ਦੇਸਾਂ ਅੰਦਰ ਇੱਕ ਹਗ਼ਾਰ ਇੱਕ ਪੀਲੀਆਂ ਰਾਤਾਂ
260 _aਚੰਡੀਗੜ
_b ਲੋਕਗੀਤ ਪ੍ਰਕਾFਨ
_c2010
300 _a324ਪੰ
_ccm.
650 _aਪੰਜਾਬੀ ਸਾਹਿਤ
942 _hO153,3NAL,IH, Q0
_cTEXL
_2CC
999 _c386093
_d386093